000 00745nam a2200289Ia 4500
005 20260324133540.0
008 008 260324s9999 xx 000 0 eng d
020 _a9781315706733
037 _aEBOOK
040 _aCRL
040 _beng
040 _cCRL
041 _2eng
041 _aeng
084 _qCRL
100 _aCathy Frierson; Samuel H. Baron
_91193510
245 0 _aAdventures in Russian Historical Research
245 0 _bReminiscences of American Scholars from the Cold War to the Present
260 _bTaylor and Francis
260 _c2003
365 _a
365 _b290
856 _uhttp://www.taylorfrancis.com/books/9781315706733
942 _cEBOOK
999 _c1792652
_d1792652